Catálogo público

Hymenoptera of America north of Mexico : (Record no. 205138)

MARC details
000 -CABECERA
campo de control de longitud fija 00857nam a2200277Ia 4500
001 - NÚMERO DE CONTROL
campo de control Para_6400
003 - IDENTIFICADOR DEL NÚMERO DE CONTROL
campo de control CHAP
008 - DATOS DE LONGITUD FIJA--INFORMACIÓN GENERAL
campo de control de longitud fija 220125s1951 xx 000 0 und d
010 ## - NÚMERO DE CONTROL DE LA BIBLIOTECA DEL CONGRESO
Número de control de LC 205138
040 ## - FUENTE DE LA CATALOGACIÓN
Centro/agencia transcriptor CHAP
082 ## - NÚMERO DE LA CLASIFICACIÓN DECIMAL DEWEY
Número de clasificación PA 595.79 M8 1951
100 ## - ENTRADA PRINCIPAL--NOMBRE DE PERSONA
Nombre de persona Muesebeck, C. F. W.
9 (RLIN) 168549
245 ## - MENCIÓN DE TÍTULO
Título Hymenoptera of America north of Mexico :
Resto del título Synoptic catalog /
Mención de responsabilidad, etc. by C. F. W. Muesebeck and Karl V. Krombein
260 ## - PUBLICACIÓN, DISTRIBUCIÓN, ETC.
Lugar de publicación, distribución, etc. Washington, D. F. :
Nombre del editor, distribuidor, etc. U. S. Government printing office
300 ## - DESCRIPCIÓN FÍSICA
Extensión 1419 p.
650 ## - PUNTO DE ACCESO ADICIONAL DE MATERIA--TÉRMINO DE MATERIA
Término de materia o nombre geográfico como elemento de entrada Himenopteros
Subdivisión general Estados Unidos
9 (RLIN) 171105
650 ## - PUNTO DE ACCESO ADICIONAL DE MATERIA--TÉRMINO DE MATERIA
Término de materia o nombre geográfico como elemento de entrada Insectos
Subdivisión general catalogos y colecciones
9 (RLIN) 58902
700 ## - PUNTO DE ACCESO ADICIONAL--NOMBRE DE PERSONA
Nombre de persona Krombein, Karl V.
9 (RLIN) 63963
901 ## - ELEMENTOS DE DATOS A LOCAL LDA (RLIN)
a PA 595.79 M8 1951
902 ## - ELEMENTOS DE DATOS B LOCAL, LDB (RLIN)
a A
905 ## - ELEMENTOS DE DATOS E LOCAL, LDE (RLIN)
a 0000001951 0000000000 00
910 ## - DATOS DE OPCIÓN DEL USUARIO (OCLC)
Datos de opción del usuario 1951
942 ## - ELEMENTOS DE PUNTO DE ACCESO ADICIONAL (KOHA)
Tipo de ítem Koha Parasitologia_
942 ## - ELEMENTOS DE PUNTO DE ACCESO ADICIONAL (KOHA)
Tipo de ítem Koha Parasitologia_
-- 1
Holdings
Estado de retiro Estado de pérdida Fuente del sistema de clasificación o colocación Estado dañado Restricciones de uso No para préstamo Código de colección Localización permanente Ubicación/localización actual Fecha de adquisición Número de inventario Total de préstamos Signatura topográfica completa Código de barras Fecha visto por última vez Número de copia Precio válido a partir de Tipo de ítem Koha Nota pública
    Dewey Decimal Classification   Préstamo interno   General Parasitologia Agricola Parasitologia Agricola 27/10/2005 (PA_3717) (No. UACh C/E)   PA 595.79 M8 1951 4102001237 25/01/2022 Ej.1 25/01/2022 Libro 3